000 00952nam a22002055i 4500
001 167497
003 ES-MaACL
005 20250814063252.0
008 960320s1883 sp |||| | spa d
040 _aAS
_bspa
_cCCPB | SIC
100 1 _aVieyra de Abreu, Carlos,
_d1854-1918
_9114608
245 1 0 _aDoña María Coronel
_b: estudio histórico acerca de la autenticidad de sus restos /
_cC. Vieyra de Abreu.
260 _aMadrid :
_b[s.n.],
_c1883 (
_fImprenta de Alfredo Alonso)
300 _aXV, 86 p., [2] h., [2] h. de lam. ;
_c18 cm.
595 _aExisten ejemp. impresos en papel verjurado.
599 _aLa h. de lám. es un árbol genealógico de la familia Fernández Coronel.
600 1 4 _aCoronel, María-
_xBiografías.
_9126590
852 _aES-MaACL
_jT-401-F-14
_z-- Enc. hol., falto de la enc. original
_z-- Ded. ms. del autor a la Biblioteca del Ateneo de Madrid
_z-- Enc. en un vol. facticio
999 _c167497
_d167497